000 00729nas a2200253 4500
001 BR8805472
003 BR-BrBNA
005 20231205091309.0
007 ta
008 230509b bl.|||p| |||| 00| 00por d
040 _aBR-BrBNA
_bpor
_cBiblioteca Nacional de Agricultura
041 _a(Pt)
072 _aL02; Q54
100 1 _aMuhlbach, P.R.F.
245 1 _aA importancia do alimento volumoso na nutricao do gado leiteiro
650 _aGADO
650 _aVOLUMOSOS
650 _aRUMEN
650 _aNUTRICAO ANIMAL
650 _aPLANTA FORRAGEIRA
773 0 _tGado Holandes (Brazil)
_xISSN 0101-7977
_g(Feb 1988), v. 53(147) p. 43-45
_wBR8805472
909 _a202311
_bLúcia
_c55
_dLúcia Elande
942 _2AGRIS
_n0
_cANA
999 _c124204
_d124204